00326nam a2200121Ia 4500008004100000041001200041082001600053245002700069260002900096440000900125650004300134650002700177240126s9999 xx 000 0 und d aEnglish aLIBRARY-XVI 0aModern Casting (2001 - bAmerican Foundry Soceity aNULL aCasting,(2001,-,Mechanical Engineering aMechanical Engineering